| 000 | 00920nmm a2200277 a 4500 | ||
|---|---|---|---|
| 001 | ocm000578347 | ||
| 003 | TR-IsHL | ||
| 005 | 20201028122550.0 | ||
| 008 | 131028s2012 tu tur | ||
| 007 | cr cn | ||
| 020 | _a9789944157407 | ||
| 035 |
_a578347 _b(N$T) |
||
| 050 | 0 | 4 |
_aHF5415.5 _b.D57 2012 |
| 090 | 0 | 4 |
_aHF5415.5 _b.D57 2012 |
| 100 | 1 | _aDirsehan, Taşkın | |
| 245 | 1 | 0 |
_aMüşteri deneyimi tasarımı ve yönetimi _h[electronic resource] / _cTaşkın Dirsehan |
| 250 | _a1. bs. | ||
| 260 |
_aİstanbul : _bHiperlink Yayınları, _c2012 |
||
| 300 | _a97 p. | ||
| 650 | 4 | _aEkonomi ve Finans | |
| 650 | 4 | _aEconomics and Finance | |
| 650 | 0 |
_aMüşteri ilişkileri _x Yönetim |
|
| 650 | 0 |
_aCustomer relations _x Management |
|
| 650 | 7 |
_aBUSINESS & ECONOMICS / Customer Relations _2bisacsh |
|
| 856 | 4 | 0 | _uhttp://search.ebscohost.com/login.aspx?direct=true&scope=site&db=e011xww&AN=578347 |
| 999 |
_c1936 _d1936 |
||